Queueing analysis : a foundation of performance evaluation
Αποθηκεύτηκε σε:
| Κύριος συγγραφέας: | |
|---|---|
| Μορφή: | Βιβλίο |
| Γλώσσα: | English |
| Δημοσίευση: |
Amsterdam :
North - Holland,
1993
|
| Θέματα: | |
| Ετικέτες: |
Προσθήκη ετικέτας
Δεν υπάρχουν, Καταχωρήστε ετικέτα πρώτοι!
|
MARC
| LEADER | 00000nam a2200000 i 4500 | ||
|---|---|---|---|
| 001 | 1/19074 | ||
| 008 | 971204s1993 eng d | ||
| 020 | |a 0444817700 (set) | ||
| 020 | |a 0444816143 (v.2) | ||
| 020 | |a 0444816119 (v.3) | ||
| 035 | |a ΠΑΡ-1997 |b 04/04 |c ΠΑΠΑΔΟΠΟΥΛΟΣ |l 10021142 | ||
| 040 | |a GR-MY-UA |b gre |e aacr | ||
| 041 | 0 | |a eng | |
| 082 | 0 | |a 519.82 | |
| 100 | 1 | |a Takagi, Hideaki. | |
| 245 | 1 | 0 | |a Queueing analysis : |b a foundation of performance evaluation / |c Takagi H. |
| 260 | |a Amsterdam : |b North - Holland, |c 1993 | ||
| 300 | |a 3τ. | ||
| 504 | |a Περιλαμβάνει βιβλιογραφία και ευρετήριο | ||
| 650 | 0 | 0 | |a Queuing theory. |
| 740 | 0 | 2 | |a Finite systems |
| 740 | 0 | 2 | |a Discrete-time systems |
| 852 | |a INST |b CHIOS |e 19971204 |h 519.82 TAK |p 005200010247 |q 005200010247 |t BK |y 0 |z v.3 | ||
| 852 | |a INST |b CHIOS |e 19980506 |h 519.82 TAK |p 005200016630 |q 005200016630 |t BK |y 0 |z v.2 | ||
| 852 | |a INST |b CHIOS |e 19971204 |h 519.82 TAK |p 005200010247 |q 005200010247 |t BK |v v.3: |y 0 |z v.3 | ||
| 852 | |a INST |b CHIOS |e 19980506 |h 519.82 TAK |p 005200016630 |q 005200016630 |t BK |v v.2: |y 0 |z v.2 | ||
| 853 | |a INST |b CHIOS |h 519.82 TAK | ||
| 901 | |a BIBL-1998-2 | ||
| 909 | |a Χ |b 051380 | ||
| 909 | |a Χ |b 054466 | ||
| 922 | |a 2ΕΛΗ |b 199803 |c ΠΑΠΑΔΟΠΟΥΛΟΣ |d ΚΩΣΤΑΡΑΚΗΣ | ||